000
00343nam a2200157Ia 4500
008
240830s1905 xx 000 0 und d
041
_a
san
082
_a
1
100
_a
APATE
245
_a
RASRANTNASAMUCHAYA
250
_a
1
260
_a
SANGAI
_b
N.D.
_c
1905
300
_a
100p
906
_a
RASRANTNASAMUCHAYA
999
_c
1183932
_d
1183932